[Event "Bamberg-Open 2019"]
[Site "Bamberg"]
[Date "2019.06.02"]
[Round "7.8"]
[White "Langheinrich, Ferenc"]
[Black "Becker, Tobias"]
[Result "1-0"]
[WhiteElo "2379"]
[BlackElo "2019"]
[Annotator "ChessBase"]
[PlyCount "55"]
[EventDate "2019.05.12"]
[EventType "swiss"]
[EventCountry "GER"]
[SourceTitle "playchess.com"]
[Source "ChessBase"]
[SourceQuality "1"]
[TimeControl "40/5400+30:900+30"]

1. e4 {[%emt 0:05:28]} d6 {[%emt 0:00:00]} 2. d4 {[%emt 0:00:06]} Nf6 {[%emt 0:00:00]} 3. Nc3 {[%emt 0:00:07]} Nbd7 {[%emt 0:00:00]} 4. Nf3 {[%emt 0:00:12]} e5 {[%emt 0:00:00]} 5. g4 {[%emt 0:00:07]} d5 {[%emt 0:00:26]} 6. dxe5 {[%emt 0:11:20]} dxe4 {[%emt 0:05:22]} 7. Ng5 {[%emt 0:03:59]} Nxe5 {[%emt 0:16:47]} 8. Qxd8+ {[%emt 0:03:37]} Kxd8 {[%emt 0:01:37]} 9. Bf4 {[%emt 0:00:22]} Nf3+ {[%emt 0:19:03]} 10. Nxf3 {[%emt 0:12:00]} exf3 {[%emt 0:00:03]} 11. O-O-O+ {[%emt 0:01:22]} Bd7 {[%emt 0:00:12]} 12. g5 {[%emt 0:06:40]} Ne8 {[%emt 0:00:40]} 13. Ne4 {[%emt 0:04:27]} Nd6 {[%emt 0:04:51]} 14. Nc5 {[%emt 0:02:57]} Bc6 {[%emt 0:02:19]} 15. b4 {[%emt 0:01:20]} a6 {[%emt 0:03:37]} 16. Bh3 {[%emt 0:05:23]} Be7 {[%emt 0:15:15]} 17. Rhe1 {[%emt 0:03:00]} Re8 {[%emt 0:02:29]} 18. Bg4 {[%emt 0:04:26]} Bf8 {[%emt 0:02:00]} 19. Be5 {[%emt 0:00:56]} b6 {[%emt 0:13:51]} 20. Re3 {[%emt 0:05:55]} bxc5 {[%emt 0:01:26]} 21. bxc5 {[%emt 0:00:06]} f6 {[%emt 0:02:03]} 22. gxf6 {[%emt 0:00:37]} gxf6 {[%emt 0:00:05]} 23. Bxf6+ {[%emt 0:00:10]} Be7 {[%emt 0:00:02]} 24. Rxe7 {[%emt 0:01:18]} Rxe7 {[%emt 0:00:04]} 25. cxd6 {[%emt 0:00:38]} cxd6 {[%emt 0:00:19]} 26. Rxd6+ {[%emt 0:01:23]} Kc7 {[%emt 0:00:43]} 27. Bxe7 {[%emt 0:01:51]} Re8 {[%emt 0:01:03]} 28. Re6 {[%emt 0:00:13]} 1-0

[Event "Bamberg-Open 2019"]
[Site "Bamberg"]
[Date "2019.06.02"]
[Round "7.9"]
[White "Scholz, Christian"]
[Black "Ammon, Tobias"]
[Result "1-0"]
[WhiteElo "2372"]
[BlackElo "2151"]
[Annotator "ChessBase"]
[PlyCount "49"]
[EventDate "2019.05.12"]
[EventType "swiss"]
[EventCountry "GER"]
[SourceTitle "playchess.com"]
[Source "ChessBase"]
[SourceQuality "1"]
[TimeControl "40/5400+30:900+30"]

1. d4 {[%emt 0:00:00]} d5 {[%emt 0:00:24]} 2. c4 {[%emt 0:00:00]} c6 {[%emt 0:00:03]} 3. Nf3 {[%emt 0:00:00]} Nf6 {[%emt 0:00:14]} 4. e3 {[%emt 0:00:00]} Bg4 {[%emt 0:01:56]} 5. h3 {[%emt 0:00:04]} Bh5 {[%emt 0:00:17]} 6. cxd5 {[%emt 0:12:29]} Bxf3 {[%emt 0:00:06]} 7. Qxf3 {[%emt 0:00:06]} cxd5 {[%emt 0:00:08]} 8. Bd3 {[%emt 0:02:49]} Nc6 {[%emt 0:00:44]} 9. O-O {[%emt 0:01:59]} e6 {[%emt 0:00:19]} 10. b3 {[%emt 0:10:37]} a6 {[%emt 0:01:53]} 11. Nc3 {[%emt 0:07:47]} Bb4 {[%emt 0:05:45]} 12. Bb2 {[%emt 0:03:01]} O-O {[%emt 0:00:27]} 13. Rac1 {[%emt 0:01:57]} Qe7 {[%emt 0:10:00]} 14. Na4 {[%emt 0:10:29]} Bd6 {[%emt 0:02:48]} 15. Qe2 {[%emt 0:10:53]} Rac8 {[%emt 0:08:51]} 16. Bb1 {[%emt 0:07:59]} Ne4 {[%emt 0:15:54]} 17. Bxe4 {[%emt 0:01:32]} dxe4 {[%emt 0:00:19]} 18. Nc5 {[%emt 0:03:03]} Nb4 {[%emt 0:07:48]} 19. Nxe4 {[%emt 0:01:55]} Nxa2 {[%emt 0:00:13]} 20. Rxc8 {[%emt 0:00:07]} Rxc8 {[%emt 0:00:06]} 21. d5 {[%emt 0:02:22]} Nb4 {[%emt 0:03:45]} 22. dxe6 {[%emt 0:01:29]} fxe6 {[%emt 0:02:35]} 23. Qg4 {[%emt 0:00:51]} Bb8 {[%emt 0:03:30]} 24. Rd1 {[%emt 0:00:35]} Nc6 {[%emt 0:06:20]} 25. Rd7 {[%emt 0:00:29]} 1-0

[Event "Bamberg-Open 2019"]
[Site "Bamberg"]
[Date "2019.06.02"]
[Round "7.10"]
[White "Sukaylo, Aleksey"]
[Black "Delitzsch, Juergen"]
[Result "0-1"]
[WhiteElo "2097"]
[BlackElo "2175"]
[Annotator "ChessBase"]
[PlyCount "76"]
[EventDate "2019.05.12"]
[EventType "swiss"]
[EventCountry "GER"]
[SourceTitle "playchess.com"]
[Source "ChessBase"]
[SourceQuality "1"]
[TimeControl "40/5400+30:900+30"]

1. e4 {[%emt 0:00:00]} c5 {[%emt 0:00:00]} 2. Nf3 {[%emt 0:00:00]} Nc6 {[%emt 0:00:00]} 3. d4 {[%emt 0:00:00]} cxd4 {[%emt 0:00:00]} 4. Nxd4 {[%emt 0:00:00]} g6 {[%emt 0:00:00]} 5. c4 {[%emt 0:00:01]} Nf6 {[%emt 0:00:16]} 6. Nc3 {[%emt 0:00:06]} d6 {[%emt 0:00:08]} 7. Be2 {[%emt 0:01:19]} Nxd4 {[%emt 0:00:11]} 8. Qxd4 {[%emt 0:00:05]} Bg7 {[%emt 0:00:05]} 9. Be3 {[%emt 0:04:34]} O-O {[%emt 0:00:06]} 10. Qd2 {[%emt 0:00:06]} a5 {[%emt 0:00:16]} 11. O-O {[%emt 0:01:31]} a4 {[%emt 0:00:07]} 12. f3 {[%emt 0:02:17]} Be6 {[%emt 0:01:07]} 13. b4 {[%emt 0:02:40]} axb3 {[%emt 0:11:55]} 14. axb3 {[%emt 0:00:12]} Nd7 {[%emt 0:00:14]} 15. Rxa8 {[%emt 0:11:01]} Qxa8 {[%emt 0:00:08]} 16. Nb5 {[%emt 0:00:04]} Rc8 {[%emt 0:12:26]} 17. Rb1 {[%emt 0:21:32]} Nc5 {[%emt 0:05:14]} 18. Nd4 {[%emt 0:02:39]} Bd7 {[%emt 0:03:16]} 19. b4 {[%emt 0:04:17]} Ne6 {[%emt 0:00:29]} 20. c5 {[%emt 0:01:09]} Nxd4 {[%emt 0:09:46]} 21. Bxd4 {[%emt 0:00:05]} Bxd4+ {[%emt 0:00:11]} 22. Qxd4 {[%emt 0:00:06]} Qa2 {[%emt 0:01:15]} 23. Re1 {[%emt 0:09:57]} Be6 {[%emt 0:03:19]} 24. cxd6 {[%emt 0:03:11]} exd6 {[%emt 0:00:17]} 25. Qxd6 {[%emt 0:00:14]} Qa7+ {[%emt 0:06:48]} 26. Kf1 {[%emt 0:05:33]} Rc2 {[%emt 0:11:18]} 27. Rd1 {[%emt 0:00:43]} Bc4 {[%emt 0:06:15]} 28. Rd2 {[%emt 0:03:21]} Rc1+ {[%emt 0:00:45]} 29. Rd1 {[%emt 0:00:04]} Rc2 {[%emt 0:04:43]} 30. Rd2 {[%emt 0:03:58]} Rc1+ {[%emt 0:01:11]} 31. Rd1 {[%emt 0:00:04]} Qa1 {[%emt 0:04:52]} 32. Rxc1 {[%emt 0:01:47]} Qxc1+ {[%emt 0:00:08]} 33. Kf2 {[%emt 0:00:08]} Qb2 {[%emt 0:00:18]} 34. Qd1 {[%emt 0:04:49]} Bxe2 {[%emt 0:01:03]} 35. Qxe2 {[%emt 0:00:02]} Qxb4 {[%emt 0:00:09]} 36. f4 {[%emt 0:01:10]} f5 {[%emt 0:02:26]} 37. exf5 {[%emt 0:10:52]} Qxf4+ {[%emt 0:01:43]} 38. Qf3 {[%emt 0:03:08]} Qxf5 {[%emt 0:01:05]} 0-1

[Event "Bamberg-Open 2019"]
[Site "Bamberg"]
[Date "2019.06.02"]
[Round "7.11"]
[White "Promyshlyanskiy, Vitaliy"]
[Black "Legahn, Dirk"]
[Result "1-0"]
[WhiteElo "2282"]
[BlackElo "2132"]
[Annotator "ChessBase"]
[PlyCount "38"]
[EventDate "2019.05.12"]
[EventType "swiss"]
[EventCountry "GER"]
[SourceTitle "playchess.com"]
[Source "ChessBase"]
[SourceQuality "1"]
[TimeControl "40/5400+30:900+30"]

1. e4 {[%emt 0:00:00]} c5 {[%emt 0:00:00]} 2. Nc3 {[%emt 0:00:00]} d6 {[%emt 0:00:00]} 3. f4 {[%emt 0:00:15]} Nc6 {[%emt 0:00:13]} 4. Nf3 {[%emt 0:01:15]} Nf6 {[%emt 0:00:26]} 5. Bb5 {[%emt 0:00:35]} e6 {[%emt 0:08:55]} 6. Bxc6+ {[%emt 0:01:00]} bxc6 {[%emt 0:00:07]} 7. d3 {[%emt 0:00:26]} Be7 {[%emt 0:02:34]} 8. O-O {[%emt 0:02:14]} O-O {[%emt 0:08:03]} 9. b3 {[%emt 0:01:21]} Rb8 {[%emt 0:04:34]} 10. Qe2 {[%emt 0:07:17]} Ba6 {[%emt 0:08:45]} 11. Na4 {[%emt 0:01:08]} Nd7 {[%emt 0:16:36]} 12. c4 {[%emt 0:09:08]} Bf6 {[%emt 0:03:08]} 13. Rb1 {[%emt 0:02:26]} Bc8 {[%emt 0:18:14]} 14. Bd2 {[%emt 0:04:49]} g6 {[%emt 0:03:21]} 15. e5 {[%emt 0:06:41]} Be7 {[%emt 0:02:08]} 16. Be3 {[%emt 0:02:43]} Qc7 {[%emt 0:01:03]} 17. Qf2 {[%emt 0:01:24]} dxe5 {[%emt 0:01:12]} 18. fxe5 {[%emt 0:01:07]} Nxe5 {[%emt 0:01:03]} 19. Nxe5 {[%emt 0:00:09]} Qxe5 {[%emt 0:00:06]} 1-0

[Event "Bamberg-Open 2019"]
[Site "Bamberg"]
[Date "2019.06.02"]
[Round "7.12"]
[White "Pribyl, Josef"]
[Black "Johansson, Jukka"]
[Result "1-0"]
[WhiteElo "2239"]
[BlackElo "2071"]
[Annotator "ChessBase"]
[PlyCount "113"]
[EventDate "2019.05.12"]
[EventType "swiss"]
[EventCountry "GER"]
[SourceTitle "playchess.com"]
[Source "ChessBase"]
[SourceQuality "1"]
[TimeControl "40/5400+30:900+30"]

1. c4 {[%emt 0:00:00]} c5 {[%emt 0:00:00]} 2. Nf3 {[%emt 0:00:00]} Nc6 {[%emt 0:00:00]} 3. Nc3 {[%emt 0:00:00]} g6 {[%emt 0:00:27]} 4. g3 {[%emt 0:00:00]} Bg7 {[%emt 0:00:19]} 5. Bg2 {[%emt 0:00:00]} e6 {[%emt 0:00:38]} 6. O-O {[%emt 0:00:00]} Nge7 {[%emt 0:00:27]} 7. e3 {[%emt 0:00:48]} O-O {[%emt 0:02:04]} 8. d4 {[%emt 0:00:02]} cxd4 {[%emt 0:01:35]} 9. Nxd4 {[%emt 0:00:03]} Nxd4 {[%emt 0:01:17]} 10. exd4 {[%emt 0:00:02]} d5 {[%emt 0:01:07]} 11. cxd5 {[%emt 0:00:06]} Nxd5 {[%emt 0:00:46]} 12. Nxd5 {[%emt 0:00:18]} exd5 {[%emt 0:00:09]} 13. Be3 {[%emt 0:00:15]} Be6 {[%emt 0:01:22]} 14. Qb3 {[%emt 0:00:01]} Qd7 {[%emt 0:01:07]} 15. Rac1 {[%emt 0:00:01]} Rfc8 {[%emt 0:01:24]} 16. h4 {[%emt 0:00:29]} h5 {[%emt 0:01:09]} 17. Rc3 {[%emt 0:00:40]} Rxc3 {[%emt 0:00:41]} 18. bxc3 {[%emt 0:00:11]} b5 {[%emt 0:04:07]} 19. Ra1 {[%emt 0:01:47]} Rc8 {[%emt 0:14:58]} 20. Bf1 {[%emt 0:00:54]} Qc6 {[%emt 0:03:15]} 21. Bd2 {[%emt 0:00:28]} Bd7 {[%emt 0:00:49]} 22. Bg2 {[%emt 0:02:55]} Be6 {[%emt 0:02:14]} 23. a4 {[%emt 0:00:29]} a6 {[%emt 0:01:44]} 24. axb5 {[%emt 0:17:08]} axb5 {[%emt 0:00:34]} 25. Bf1 {[%emt 0:03:39]} Rb8 {[%emt 0:03:12]} 26. Rb1 {[%emt 0:03:35]} b4 {[%emt 0:12:27]} 27. Bf4 {[%emt 0:07:26]} Rb7 {[%emt 0:04:05]} 28. Bg2 {[%emt 0:01:23]} Rb5 {[%emt 0:12:15]} 29. Qa4 {[%emt 0:01:57]} Rb6 {[%emt 0:14:29]} 30. Rxb4 {[%emt 0:00:41]} Qxa4 {[%emt 0:01:13]} 31. Rxa4 {[%emt 0:00:02]} Rb3 {[%emt 0:01:18]} 32. Bd2 {[%emt 0:03:34]} Rb1+ {[%emt 0:00:50]} 33. Kh2 {[%emt 0:00:03]} Rb2 {[%emt 0:00:25]} 34. Be3 {[%emt 0:00:19]} Rc2 {[%emt 0:05:11]} 35. Ra3 {[%emt 0:03:56]} Kh7 {[%emt 0:00:35]} 36. Kg1 {[%emt 0:11:48]} Bh6 {[%emt 0:01:28]} 37. Bxh6 {[%emt 0:00:07]} Kxh6 {[%emt 0:00:10]} 38. Bf3 {[%emt 0:00:16]} g5 {[%emt 0:06:18]} 39. Ra6 {[%emt 0:02:07]} gxh4 {[%emt 0:01:25]} 40. gxh4 {[%emt 0:00:05]} Rxc3 {[%emt 0:01:31]} 41. Bxd5 {[%emt 0:15:02]} Rc1+ {[%emt 0:06:38]} 42. Kg2 {[%emt 0:00:00]} Re1 {[%emt 0:00:57]} 43. Bxe6 {[%emt 0:00:00]} fxe6 {[%emt 0:01:29]} 44. d5 {[%emt 0:00:00]} Kg7 {[%emt 0:00:43]} 45. Rxe6 {[%emt 0:00:00]} Rd1 {[%emt 0:02:17]} 46. Re5 {[%emt 0:00:00]} Kg6 {[%emt 0:00:13]} 47. Rg5+ {[%emt 0:00:00]} Kh6 {[%emt 0:00:06]} 48. Re5 {[%emt 0:00:00]} Kg6 {[%emt 0:00:30]} 49. f3 {[%emt 0:00:00]} Rd4 {[%emt 0:00:31]} 50. Kg3 {[%emt 0:00:00]} Rd1 {[%emt 0:00:10]} 51. Kf2 {[%emt 0:00:00]} Rd4 {[%emt 0:01:00]} 52. Ke3 {[%emt 0:00:00]} Rxh4 {[%emt 0:00:24]} 53. d6 {[%emt 0:00:00]} Rh1 {[%emt 0:00:27]} 54. Rd5 {[%emt 0:00:00]} Re1+ {[%emt 0:00:12]} 55. Kf4 {[%emt 0:00:00]} Re8 {[%emt 0:00:13]} 56. d7 {[%emt 0:00:00]} Rd8 {[%emt 0:00:18]} 57. Ke4 1-0

[Event "Bamberg-Open 2019"]
[Site "Bamberg"]
[Date "2019.06.02"]
[Round "7.13"]
[White "Birkner, Frank"]
[Black "Berghof, Axel"]
[Result "1/2-1/2"]
[WhiteElo "1784"]
[BlackElo "2155"]
[Annotator "ChessBase"]
[PlyCount "134"]
[EventDate "2019.05.12"]
[EventType "swiss"]
[EventCountry "GER"]
[SourceTitle "playchess.com"]
[Source "ChessBase"]
[SourceQuality "1"]
[TimeControl "40/5400+30:900+30"]

1. d4 {[%emt 0:00:00]} Nf6 {[%emt 0:00:08]} 2. c4 {[%emt 0:00:00]} g6 {[%emt 0:00:15]} 3. g3 {[%emt 0:00:00]} c6 {[%emt 0:02:16]} 4. Nc3 {[%emt 0:00:53]} Bg7 {[%emt 0:01:05]} 5. e4 {[%emt 0:00:31]} d6 {[%emt 0:00:47]} 6. Bg2 {[%emt 0:00:54]} O-O {[%emt 0:08:49]} 7. h3 {[%emt 0:06:03]} Nbd7 {[%emt 0:05:11]} 8. Be3 {[%emt 0:00:55]} Rb8 {[%emt 0:05:42]} 9. f4 {[%emt 0:06:31]} b5 {[%emt 0:09:22]} 10. cxb5 {[%emt 0:09:49]} cxb5 {[%emt 0:00:49]} 11. Nge2 {[%emt 0:00:24]} Nb6 {[%emt 0:06:23]} 12. b3 {[%emt 0:02:46]} b4 {[%emt 0:01:36]} 13. Nb1 {[%emt 0:00:58]} d5 {[%emt 0:04:20]} 14. e5 {[%emt 0:02:02]} Ne4 {[%emt 0:00:32]} 15. a3 {[%emt 0:00:57]} a5 {[%emt 0:05:48]} 16. axb4 {[%emt 0:00:28]} axb4 {[%emt 0:00:02]} 17. O-O {[%emt 0:00:44]} f5 {[%emt 0:03:04]} 18. Bd2 {[%emt 0:01:18]} Na8 {[%emt 0:21:28]} 19. Ra4 {[%emt 0:26:50]} Bd7 {[%emt 0:04:33]} 20. Rxb4 {[%emt 0:02:26]} Bb5 {[%emt 0:01:24]} 21. Bxe4 {[%emt 0:04:41]} fxe4 {[%emt 0:05:27]} 22. Nbc3 {[%emt 0:01:22]} Bc6 {[%emt 0:01:47]} 23. Rxb8 {[%emt 0:01:13]} Qxb8 {[%emt 0:00:02]} 24. Qb1 {[%emt 0:02:07]} Nb6 {[%emt 0:01:42]} 25. Rc1 {[%emt 0:00:40]} Qb7 {[%emt 0:01:40]} 26. Nd1 {[%emt 0:00:37]} Rc8 {[%emt 0:00:46]} 27. Ne3 {[%emt 0:00:46]} e6 {[%emt 0:00:15]} 28. Bb4 {[%emt 0:00:54]} Bb5 {[%emt 0:01:22]} 29. Kf2 {[%emt 0:04:11]} Bd3 {[%emt 0:01:13]} 30. Rxc8+ {[%emt 0:01:30]} Nxc8 {[%emt 0:00:50]} 31. Qe1 {[%emt 0:00:54]} Na7 {[%emt 0:02:05]} 32. Nc1 {[%emt 0:02:13]} Ba6 {[%emt 0:01:08]} 33. Qc3 {[%emt 0:04:14]} h5 {[%emt 0:01:19]} 34. h4 {[%emt 0:00:25]} Kh7 {[%emt 0:00:11]} 35. Qc5 {[%emt 0:00:55]} Nc6 {[%emt 0:00:22]} 36. Ba3 {[%emt 0:00:31]} Bb5 {[%emt 0:00:17]} 37. Qd6 {[%emt 0:02:03]} Nxd4 {[%emt 0:00:32]} 38. Bc5 {[%emt 0:01:04]} Qc6 {[%emt 0:01:51]} 39. Qxc6 {[%emt 0:03:06]} Nxc6 {[%emt 0:00:05]} 40. Nc2 {[%emt 0:00:43]} Kg8 {[%emt 0:00:41]} 41. Ke3 {[%emt 0:16:23]} Bf8 {[%emt 0:04:28]} 42. Bxf8 {[%emt 0:00:00]} Kxf8 {[%emt 0:00:11]} 43. Nd4 {[%emt 0:00:00]} Nxd4 {[%emt 0:01:30]} 44. Kxd4 {[%emt 0:00:00]} Ke7 {[%emt 0:00:50]} 45. Na2 {[%emt 0:00:00]} Kd7 {[%emt 0:00:35]} 46. Nc3 {[%emt 0:00:00]} Kc6 {[%emt 0:00:30]} 47. b4 {[%emt 0:00:00]} Kb6 {[%emt 0:04:13]} 48. Nd1 {[%emt 0:00:00]} Bc4 {[%emt 0:02:08]} 49. Ne3 {[%emt 0:00:00]} Be2 {[%emt 0:03:12]} 50. f5 {[%emt 0:00:00]} gxf5 {[%emt 0:00:22]} 51. Ng2 {[%emt 0:00:00]} Kb5 {[%emt 0:03:25]} 52. Nf4 {[%emt 0:00:00]} Bg4 {[%emt 0:00:09]} 53. Nxe6 {[%emt 0:00:00]} Kxb4 {[%emt 0:00:06]} 54. Nf4 {[%emt 0:00:00]} Kb5 {[%emt 0:00:20]} 55. Nxd5 {[%emt 0:00:00]} Kc6 {[%emt 0:00:26]} 56. Ne3 {[%emt 0:00:00]} Bh3 {[%emt 0:00:13]} 57. Nc2 {[%emt 0:00:35]} Bg4 {[%emt 0:01:00]} 58. Nb4+ {[%emt 0:03:35]} Kd7 {[%emt 0:00:18]} 59. Nd5 {[%emt 0:02:00]} Ke6 {[%emt 0:00:27]} 60. Nf4+ {[%emt 0:00:07]} Ke7 {[%emt 0:00:17]} 61. Ng2 {[%emt 0:03:52]} Ke6 {[%emt 0:00:19]} 62. Nf4+ {[%emt 0:02:25]} Ke7 {[%emt 0:00:30]} 63. Ke3 {[%emt 0:00:51]} Kf7 {[%emt 0:00:20]} 64. Ng2 {[%emt 0:01:34]} Ke6 {[%emt 0:00:14]} 65. Kf4 {[%emt 0:01:24]} Kf7 {[%emt 0:02:24]} 66. Ne3 {[%emt 0:00:42]} Bh3 {[%emt 0:00:24]} 67. Nc2 {[%emt 0:01:22]} Ke7 1/2-1/2

[Event "Bamberg-Open 2019"]
[Site "Bamberg"]
[Date "2019.06.02"]
[Round "7.14"]
[White "Spitzl, Philipp"]
[Black "Zenker, Ulrich"]
[Result "1-0"]
[WhiteElo "2013"]
[BlackElo "2147"]
[Annotator "ChessBase"]
[PlyCount "57"]
[EventDate "2019.05.12"]
[EventType "swiss"]
[EventCountry "GER"]
[SourceTitle "playchess.com"]
[Source "ChessBase"]
[SourceQuality "1"]
[TimeControl "40/5400+30:900+30"]

1. c4 {[%emt 0:00:34]} e5 {[%emt 0:00:57]} 2. g3 {[%emt 0:00:14]} Nc6 {[%emt 0:00:11]} 3. Bg2 {[%emt 0:00:13]} g6 {[%emt 0:00:28]} 4. Nc3 {[%emt 0:00:17]} Bg7 {[%emt 0:00:05]} 5. e4 {[%emt 0:00:13]} Nd4 {[%emt 0:00:58]} 6. Nge2 {[%emt 0:01:59]} Nxe2 {[%emt 0:00:07]} 7. Nxe2 {[%emt 0:01:14]} Ne7 {[%emt 0:00:19]} 8. d4 {[%emt 0:03:10]} d6 {[%emt 0:01:52]} 9. Be3 {[%emt 0:07:29]} O-O {[%emt 0:07:19]} 10. Qd2 {[%emt 0:08:55]} Be6 {[%emt 0:05:06]} 11. b3 {[%emt 0:01:22]} a6 {[%emt 0:08:27]} 12. O-O {[%emt 0:02:01]} Qc8 {[%emt 0:03:13]} 13. d5 {[%emt 0:04:22]} Bd7 {[%emt 0:00:49]} 14. c5 {[%emt 0:00:07]} Qb8 {[%emt 0:12:32]} 15. cxd6 {[%emt 0:03:08]} cxd6 {[%emt 0:00:06]} 16. Rac1 {[%emt 0:00:19]} b5 {[%emt 0:00:32]} 17. Qa5 {[%emt 0:01:15]} Bf6 {[%emt 0:17:22]} 18. Rc7 {[%emt 0:10:46]} Rd8 {[%emt 0:09:28]} 19. f4 {[%emt 0:05:23]} Kg7 {[%emt 0:06:38]} 20. h3 {[%emt 0:03:51]} b4 {[%emt 0:01:07]} 21. fxe5 {[%emt 0:05:10]} Bxe5 {[%emt 0:00:23]} 22. Nd4 {[%emt 0:05:35]} Kg8 {[%emt 0:13:11]} 23. g4 {[%emt 0:10:34]} Bxd4 {[%emt 0:02:46]} 24. Bxd4 {[%emt 0:00:02]} Qb5 {[%emt 0:00:11]} 25. Qxb5 {[%emt 0:01:44]} axb5 {[%emt 0:00:07]} 26. Bf6 {[%emt 0:01:41]} Kf8 {[%emt 0:00:52]} 27. e5 {[%emt 0:00:10]} Ra6 {[%emt 0:01:55]} 28. e6 {[%emt 0:00:31]} fxe6 {[%emt 0:00:09]} 29. dxe6 {[%emt 0:00:13]} 1-0

[Event "Bamberg-Open 2019"]
[Site "Bamberg"]
[Date "2019.06.02"]
[Round "7.15"]
[White "Kues, Hendrik"]
[Black "Grimm, Pascal"]
[Result "1/2-1/2"]
[WhiteElo "2137"]
[BlackElo "1880"]
[Annotator "ChessBase"]
[PlyCount "153"]
[EventDate "2019.05.12"]
[EventType "swiss"]
[EventCountry "GER"]
[SourceTitle "playchess.com"]
[Source "ChessBase"]
[SourceQuality "1"]
[TimeControl "40/5400+30:900+30"]

1. d4 {[%emt 0:00:00]} e6 {[%emt 0:02:34]} 2. Bf4 {[%emt 0:00:04]} f5 {[%emt 0:00:33]} 3. e3 {[%emt 0:00:32]} Nf6 {[%emt 0:00:07]} 4. h3 {[%emt 0:00:10]} b6 {[%emt 0:00:20]} 5. Nf3 {[%emt 0:00:05]} Bb7 {[%emt 0:00:05]} 6. a4 {[%emt 0:00:18]} a5 {[%emt 0:00:55]} 7. Be2 {[%emt 0:00:14]} Be7 {[%emt 0:01:20]} 8. O-O {[%emt 0:00:09]} O-O {[%emt 0:00:05]} 9. Bh2 {[%emt 0:02:54]} Ne4 {[%emt 0:01:15]} 10. Nbd2 {[%emt 0:00:14]} Bf6 {[%emt 0:01:44]} 11. Nxe4 {[%emt 0:01:09]} Bxe4 {[%emt 0:06:35]} 12. c3 {[%emt 0:00:15]} d6 {[%emt 0:00:50]} 13. Bc4 {[%emt 0:05:13]} Qe7 {[%emt 0:42:51]} 14. d5 {[%emt 0:13:49]} e5 {[%emt 0:05:39]} 15. Nd2 {[%emt 0:02:59]} Qf7 {[%emt 0:00:28]} 16. Nxe4 {[%emt 0:26:44]} fxe4 {[%emt 0:00:02]} 17. Qg4 {[%emt 0:00:14]} Qg6 {[%emt 0:02:39]} 18. Qxg6 {[%emt 0:00:06]} hxg6 {[%emt 0:00:01]} 19. Rfd1 {[%emt 0:00:29]} Bh4 {[%emt 0:04:13]} 20. g3 {[%emt 0:08:04]} Bg5 {[%emt 0:00:00]} 21. b4 Nd7 22. Bb3 {[%emt 0:02:37]} Nf6 {[%emt 0:03:35]} 23. Bc2 {[%emt 0:00:55]} Rf7 {[%emt 0:02:41]} 24. Kg2 {[%emt 0:00:17]} Rff8 25. Bg1 Kf7 {[%emt 0:01:58]} 26. Rab1 {[%emt 0:02:15]} Rh8 {[%emt 0:00:56]} 27. Rd2 {[%emt 0:01:39]} Ke7 {[%emt 0:00:40]} 28. Bd1 {[%emt 0:01:57]} Kd7 {[%emt 0:01:30]} 29. Ra1 {[%emt 0:02:21]} Ke7 {[%emt 0:03:14]} 30. Be2 {[%emt 0:01:44]} Nd7 {[%emt 0:02:34]} 31. Bb5 {[%emt 0:01:18]} Nb8 {[%emt 0:00:31]} 32. Rdd1 {[%emt 0:02:20]} Rf8 {[%emt 0:00:23]} 33. Rf1 {[%emt 0:03:44]} Rf6 {[%emt 0:02:05]} 34. Be2 {[%emt 0:03:25]} Nd7 {[%emt 0:01:02]} 35. Bc4 {[%emt 0:04:13]} Rff8 {[%emt 0:00:21]} 36. Bb3 {[%emt 0:00:13]} Rf7 {[%emt 0:00:09]} 37. Rad1 {[%emt 0:00:48]} Rff8 {[%emt 0:00:18]} 38. Bc2 {[%emt 0:04:09]} Nf6 {[%emt 0:00:02]} 39. Rd2 {[%emt 0:03:11]} Rf7 {[%emt 0:02:53]} 40. f3 {[%emt 0:05:42]} exf3+ {[%emt 0:01:46]} 41. Rxf3 {[%emt 0:15:02]} Nd7 {[%emt 0:17:59]} 42. Rxf7+ {[%emt 0:03:11]} Kxf7 {[%emt 0:00:07]} 43. Rd1 {[%emt 0:00:17]} Bf6 {[%emt 0:05:41]} 44. e4 {[%emt 0:00:51]} Bg5 {[%emt 0:00:16]} 45. Bf2 {[%emt 0:00:26]} Bh6 {[%emt 0:00:00]} 46. Kf3 {[%emt 0:00:00]} Ke7 {[%emt 0:00:00]} 47. Ke2 {[%emt 0:00:00]} Nf6 {[%emt 0:00:00]} 48. Rb1 {[%emt 0:00:00]} Nd7 {[%emt 0:00:00]} 49. g4 {[%emt 0:00:00]} Bf4 {[%emt 0:00:00]} 50. h4 {[%emt 0:00:00]} Nf6 {[%emt 0:00:00]} 51. Rg1 {[%emt 0:00:00]} Bh2 {[%emt 0:00:00]} 52. Rg2 {[%emt 0:00:00]} Bf4 {[%emt 0:00:00]} 53. Be1 {[%emt 0:00:00]} Kf7 {[%emt 0:00:00]} 54. Kd3 {[%emt 0:00:00]} Ke7 {[%emt 0:01:35]} 55. Kc4 {[%emt 0:00:00]} Kd7 {[%emt 0:00:41]} 56. Kb5 {[%emt 0:00:00]} g5 {[%emt 0:02:47]} 57. h5 {[%emt 0:00:00]} Ra7 {[%emt 0:00:30]} 58. Bf2 {[%emt 0:00:00]} Ra8 {[%emt 0:02:30]} 59. Kc4 {[%emt 0:00:00]} Ke7 {[%emt 0:00:45]} 60. Kd3 {[%emt 0:00:38]} Kd7 {[%emt 0:00:35]} 61. Bd1 {[%emt 0:00:25]} Ke7 {[%emt 0:00:24]} 62. Rg1 {[%emt 0:00:08]} Kf7 {[%emt 0:00:51]} 63. Be1 {[%emt 0:00:59]} Ke7 {[%emt 0:00:33]} 64. Rg2 {[%emt 0:00:19]} Kd7 {[%emt 0:00:11]} 65. Ra2 {[%emt 0:01:15]} Kc8 {[%emt 0:00:38]} 66. Rb2 {[%emt 0:00:46]} Kd7 {[%emt 0:00:45]} 67. Ra2 {[%emt 0:00:52]} Kc8 {[%emt 0:00:11]} 68. Ra1 {[%emt 0:00:21]} Kd7 {[%emt 0:00:04]} 69. Bf3 {[%emt 0:00:29]} Kc8 {[%emt 0:00:39]} 70. Bf2 {[%emt 0:00:14]} Kd7 {[%emt 0:00:10]} 71. Kc2 {[%emt 0:00:52]} Kc8 {[%emt 0:00:02]} 72. Kb3 {[%emt 0:00:24]} Kd7 {[%emt 0:00:04]} 73. Rh1 {[%emt 0:00:08]} Ng8 {[%emt 0:00:06]} 74. Be2 {[%emt 0:00:45]} Ke7 {[%emt 0:01:28]} 75. Rh3 {[%emt 0:01:10]} Nh6 {[%emt 0:00:48]} 76. Rh1 {[%emt 0:00:39]} Ng8 {[%emt 0:00:04]} 77. Rh3 {[%emt 0:00:31]} 1/2-1/2